| 000 | 00846nam a2200289Ia 4500 | ||
|---|---|---|---|
| 005 | 20260324115755.0 | ||
| 008 | 008 260324s9999 xx 000 0 eng d | ||
| 020 | _a9780429225765 | ||
| 037 | _aEBOOK | ||
| 040 | _aCRL | ||
| 040 | _beng | ||
| 040 | _cCRL | ||
| 041 | _2eng | ||
| 041 | _aeng | ||
| 084 | _qCRL | ||
| 100 |
_aNa Chen; Tingting Huang _91155958 |
||
| 245 | 0 | _aSignal and Information Processing, Networking and Computers | |
| 245 | 0 | _bProceedings of the 1st International Congress on Signal and Information Processing, Networking and Computers (ICSINC 2015), October 17-18, 2015 Beijing, China | |
| 260 | _bTaylor and Francis | ||
| 260 | _c2016 | ||
| 365 | _a | ||
| 365 | _b400 | ||
| 856 | _uhttp://www.taylorfrancis.com/books/9780429225765 | ||
| 942 | _cEBOOK | ||
| 999 |
_c1747074 _d1747074 |
||